<?xml version="1.0" encoding="UTF-8"?><?xml-stylesheet type="text/xsl" href="static/style.xsl"?><OAI-PMH xmlns="http://www.openarchives.org/OAI/2.0/" xmlns:xsi="http://www.w3.org/2001/XMLSchema-instance" xsi:schemaLocation="http://www.openarchives.org/OAI/2.0/ http://www.openarchives.org/OAI/2.0/OAI-PMH.xsd"><responseDate>2026-04-27T06:44:26Z</responseDate><request verb="GetRecord" identifier="oai:repisalud.isciii.es:20.500.12105/11762" metadataPrefix="marc">https://repisalud.isciii.es/rest/oai/request</request><GetRecord><record><header><identifier>oai:repisalud.isciii.es:20.500.12105/11762</identifier><datestamp>2025-06-11T09:11:15Z</datestamp><setSpec>com_20.500.12105_8138</setSpec><setSpec>com_20.500.12105_5570</setSpec><setSpec>com_20.500.12105_2404</setSpec><setSpec>com_20.500.12105_2403</setSpec><setSpec>col_20.500.12105_8158</setSpec></header><metadata><record xmlns="http://www.loc.gov/MARC21/slim" xmlns:dcterms="http://purl.org/dc/terms/" xmlns:doc="http://www.lyncode.com/xoai" xmlns:xsi="http://www.w3.org/2001/XMLSchema-instance" xsi:schemaLocation="http://www.loc.gov/MARC21/slim http://www.loc.gov/standards/marcxml/schema/MARC21slim.xsd">
   <leader>00925njm 22002777a 4500</leader>
   <datafield ind2=" " ind1=" " tag="042">
      <subfield code="a">dc</subfield>
   </datafield>
   <datafield ind2=" " ind1=" " tag="720">
      <subfield code="a">Domingo Sánchez, M.</subfield>
      <subfield code="e">author</subfield>
   </datafield>
   <datafield ind2=" " ind1=" " tag="260">
      <subfield code="c">2008-03</subfield>
   </datafield>
   <datafield ind2=" " ind1=" " tag="520">
      <subfield code="a">El método empírico sigue siendo el procedimiento de estimación del grado de incapacidad laboral, reforzado con la interpretación de los datos clínicos y pruebas complementarias. Para los trabajadores con secuelas de patología cardiaca, la ecocardiografía en reposo es la prueba complementaria más usada para objetivar deficiencias orgánicas e inferir limitaciones funcionales, tanto por su accesibilidad como por su especificidad, bajo coste, fácil acceso y nulo riesgo. Habitualmente, en la revisión de trabajadores calificados como incapacitados permanentes, confirmamos que realizan sin limitación significativa una actividad laboral con igual o mayor requerimiento físico que aquella para la que se le consideró incapacitado años atrás. Consideramos necesario el análisis de los fundamentos de epidemiología clínica aplicada a la toma de decisiones en medicina evaluadora, para reflexionar sobre el valor del soporte científico de nuestras decisiones en medicina aplicada a la incapacidad laboral. Se expone un estudio descriptivo de una serie de 100 casos en los que la ecocardiografía fue considerada como prueba básica para la determinación del grado funcional por el Médico Evaluador. Se exponen una serie de reflexiones sobre los resultados, y, sobre el estudio de la literatura especializada aplicable al análisis crítico de los resultados.</subfield>
   </datafield>
   <datafield ind1="8" ind2=" " tag="024">
      <subfield code="a">Med Segur Trab 2008; Vol.LIV Nº 210;63-70</subfield>
   </datafield>
   <datafield ind1="8" ind2=" " tag="024">
      <subfield code="a">0465-546X</subfield>
   </datafield>
   <datafield ind1="8" ind2=" " tag="024">
      <subfield code="a">http://hdl.handle.net/20.500.12105/11762</subfield>
   </datafield>
   <datafield ind1="8" ind2=" " tag="024">
      <subfield code="a">10.4321/S0465-546X2008000100009</subfield>
   </datafield>
   <datafield ind1="8" ind2=" " tag="024">
      <subfield code="a">1989-7790</subfield>
   </datafield>
   <datafield ind1="8" ind2=" " tag="024">
      <subfield code="a">Medicina y Seguridad del Trabajo</subfield>
   </datafield>
   <datafield tag="653" ind2=" " ind1=" ">
      <subfield code="a">Incapacidad laboral</subfield>
   </datafield>
   <datafield tag="653" ind2=" " ind1=" ">
      <subfield code="a">Ecocardiografía</subfield>
   </datafield>
   <datafield ind2="0" ind1="0" tag="245">
      <subfield code="a">Ecocardiografía en reposo e incapacidad laboral</subfield>
   </datafield>
</record></metadata></record></GetRecord></OAI-PMH>